Statistiques concernant 📖 150 premiers mots "Les quatre accords toltèques" (Le 2ème accord)

Cliquez ici pour prendre le quiz!

Statistiques générales

  • Ce quiz a Ă©tĂ© pris 9 fois
  • Le rĂ©sultat moyen est 116 sur 150

Statistiques - réponses

Mots% Correct
a-
100%
'Ă 
100%
Ă 
100%
accord. ...
100%
ce
100%
d'
100%
de
100%
dis :
100%
dis
100%
En
100%
en
100%
est-
100%
Est-
100%
est
100%
et
100%
ĂŞtre
100%
"HĂ©,
100%
il
100%
je
100%
la
100%
le
100%
Le
100%
Les
100%
me
100%
n'
100%
ne
100%
ou
100%
pas ;
100%
pas
100%
qu'
100%
que
100%
qui
100%
- Quoi
100%
quoi
100%
Quoi
100%
t-
100%
tout
100%
un
100%
une
100%
arrive,
89%
arrive
89%
dans
89%
dit
89%
du
89%
jamais
89%
moi.
89%
monde
89%
trois
89%
vous
89%
Vous
89%
vous :
89%
vous,
89%
accords
78%
faire
78%
faites
78%
Peut-
78%
peut-
78%
sans
78%
Si
78%
si
78%
toltèques
78%
cela
67%
concerne
67%
ĂŞtes
67%
mĂŞme
67%
premier.
67%
quel
67%
affaire
56%
autour
56%
deuxième
56%
personnelle -
56%
personnelle.'
56%
personnelle
56%
personnelle.
56%
personnelle,
56%
point
56%
rue
56%
vois
56%
y
56%
"Comment
44%
suis
44%
parce
33%
suivants
33%
voit
33%
allez
22%
croire
22%
découlent
22%
deviné ?
22%
espèce
22%
exemple
22%
idiot ?"
22%
idiot!",
22%
idiot.
22%
votre
22%
connaître,
11%
donnez
11%
réalité
11%
clairvoyant,
0%
consiste,
0%
demanderez-
0%
précédent,
0%
reprenant
0%

Distribution des résultats

Percentile par nombre de réponses

% des personnes avec chaque résultat

Votre développement - résultats

Vous n’avez pas pris ce quiz